Стратиграфическое расчленение и нефтегазоносность карбонатных пород доюрского комплекса восточного склона Александровского мегавала (Томская область); Проблемы геологии и освоения недр; Т. 1

Бібліографічні деталі
Parent link:Проблемы геологии и освоения недр: труды XVIII Международного симпозиума имени академика М. А. Усова студентов и молодых ученых, Томск, 7-11 апреля 2014 г./ Национальный исследовательский Томский политехнический университет (ТПУ), Институт природных ресурсов (ИПР) ; Общество инженеров-нефтяников, международная некоммерческая организация, Студенческий чаптер ; под ред. А. Ю. Дмитриева.— , 2014
Т. 1.— [С. 317-319]
Автор: Линдт А. Ю.
Співавтор: Национальный исследовательский Томский политехнический университет (ТПУ) Институт природных ресурсов (ИПР) Кафедра геологии и разведки полезных ископаемых (ГРПИ)
Інші автори: Запивалов Н. П. Николай Петрович (научный руководитель)
Резюме:Заглавие с экрана
Мова:Російська
Опубліковано:
Серія:Геология нефти и газа. Современные методы поисков и разведки углеводородного сырья
Предмети:
Онлайн доступ:http://earchive.tpu.ru/handle/11683/65858
http://www.lib.tpu.ru/fulltext/c/2014/C11/V1/147.pdf
Формат: MixedMaterials Електронний ресурс Частина з книги
KOHA link:https://koha.lib.tpu.ru/cgi-bin/koha/opac-detail.pl?biblionumber=608248

MARC

LEADER 00000naa2a2200000 4500
001 608248
005 20260318154849.0
035 |a (RuTPU)RU\TPU\conf\5678 
035 |a RU\TPU\conf\5677 
090 |a 608248 
100 |a 20140923d2014 k y0rusy50 ca 
101 0 |a rus 
102 |a RU 
135 |a drcn ---uucaa 
181 0 |a i  
182 0 |a b 
200 1 |a Стратиграфическое расчленение и нефтегазоносность карбонатных пород доюрского комплекса восточного склона Александровского мегавала (Томская область)  |f А. Ю. Линдт  |g науч. рук. Н. П. Запивалов 
203 |a Текст  |c электронный 
225 1 |a Геология нефти и газа. Современные методы поисков и разведки углеводородного сырья 
300 |a Заглавие с экрана 
320 |a [Библиогр.: с. 319 (5 назв.)] 
337 |a Adobe Reader 
461 1 |0 (RuTPU)RU\TPU\conf\5590  |t Проблемы геологии и освоения недр  |o труды XVIII Международного симпозиума имени академика М. А. Усова студентов и молодых ученых, Томск, 7-11 апреля 2014 г.  |o в 2 т.  |f Национальный исследовательский Томский политехнический университет (ТПУ), Институт природных ресурсов (ИПР) ; Общество инженеров-нефтяников, международная некоммерческая организация, Студенческий чаптер ; под ред. А. Ю. Дмитриева  |d 2014 
463 1 |0 (RuTPU)RU\TPU\conf\5592  |t Т. 1  |v [С. 317-319] 
610 1 |a труды учёных ТПУ 
610 1 |a электронный ресурс 
610 1 |a стратиграфическое расчленение 
610 1 |a нефтегазоносность 
610 1 |a карбонатные породы 
610 1 |a доюрский комплекс 
610 1 |a Александровский меговал 
610 1 |a Томская область 
700 1 |a Линдт  |b А. Ю. 
702 1 |a Запивалов  |b Н. П.  |c российский геолог  |c профессор Томского политехнического университета  |g Николай Петрович  |4 727 
712 0 2 |a Национальный исследовательский Томский политехнический университет (ТПУ)  |b Институт природных ресурсов (ИПР)  |b Кафедра геологии и разведки полезных ископаемых (ГРПИ)  |3 (RuTPU)RU\TPU\col\18660 
801 2 |a RU  |b 63413507  |c 20210915  |g RCR 
856 4 |u http://earchive.tpu.ru/handle/11683/65858 
856 4 |u http://www.lib.tpu.ru/fulltext/c/2014/C11/V1/147.pdf 
942 |c BK